Heródoto y el descubrimiento de la tierra

Na minha lista:
Detalhes bibliográficos
Autor principal: Lacarrière, Jacques (Autor)
Formato: Livro
Idioma:espanhol
Publicado em: Madrid Espasa Calpe 1973
coleção:Historia y Filosofía de la Ciencia. Serie Mayor
Assuntos:
Tags: Adicionar Tag
Sem tags, seja o primeiro a adicionar uma tag!

MARC

LEADER 00000nam a2200000 a 4500
001 UCU9560
003 CL-VaPUC
008 960823e19730000SP |||||||||||||||||spa|d
082 0 4 |a 910.1  |b LAC  |2 21 
100 |a Lacarrière, Jacques  |e author  |9 483079 
245 1 0 |a Heródoto y el descubrimiento de la tierra 
300 |a 244 p 
942 |c BK 
945 |d 19960823 00:00:00  |a nastorga 
260 |a Madrid  |b Espasa Calpe  |c 1973 
650 0 |a Historia antigua  |9 267521 
650 0 |a Civilizaciones antiguas  |9 265998 
650 7 |a MAPA  |2 CL-VaPUC  |9 368773 
650 0 |a Cultura  |9 269059 
650 0 |a Sociedad  |9 307903 
651 0 |a Egipto   |9 268199 
583 |a last modification  |c 19960823 00:00:00  |k Rodrigo Vera 
490 0 |a Historia y Filosofía de la Ciencia. Serie Mayor 
999 |c 251275  |d 251273 
952 |0 0  |1 0  |4 0  |6 910_100000000000000_LAC_1973  |7 0  |8 P  |9 270326  |a BIBARQ  |b BIBARQ  |d 2019-11-19  |i 3222551  |o 910.1 LAC 1973  |p 3222551  |r 2025-01-20  |w 2019-11-19  |y BK  |k ARQ